000 00316nam a22001337a 4500
008 210304b ||||| |||| 00| 0 eng d
020 _a9780471457282
041 _aeng
080 _26th
_a53
100 _a43
101 _aFIZ
245 _aFundamentals of Heat and Mass Transfer
_cIncroperia,P.F
942 _2udc
_cBK
999 _c55748
_d55748